Восточная этноботаника (Запись № 12924742)

Подробности
000 -МАРКЕР
контрольное поле 01963nam1a2200349 i 4500
001 - ИДЕНТИФИКАТОР ЗАПИСИ
контрольное поле RU\NLR\BIBL_A\022161973
005 - ИДЕНТИФИКАТОР ВЕРСИИ
контрольное поле 20260426030649.0
035 ## - ДРУГИЕ СИСТЕМНЫЕ НОМЕРА
Идентификатор записи (NLR Aleph) 022161973
100 ## - ДАННЫЕ ОБЩЕЙ ОБРАБОТКИ
Данные общей обработки 20240311g20229999k y0rusy50 ca
101 0# - ЯЗЫК РЕСУРСА
Язык текста, звукозаписи и т.д. русский
Язык резюме английский
102 ## - СТРАНА ПУБЛИКАЦИИ ИЛИ ПРОИЗВОДСТВА
Страна публикации Российская Федерация
105 ## - ПОЛЕ КОДИРОВАННЫХ ДАННЫХ: ТЕКСТОВЫЕ МАТЕРИАЛЫ, МОНОГРАФИЧЕСКИЕ
Кодированные данные о монографическом текстовом документе z
181 #0 - ПОЛЕ КОДИРОВАННЫХ ДАННЫХ: ВИД СОДЕРЖАНИЯ
Код вида содержания (ISBD) i3
Код характеристики содержания (ISBD) axxe
182 #0 - ПОЛЕ КОДИРОВАННЫХ ДАННЫХ: ТИП СРЕДСТВА
Код типа средства (ISBD) n - непосредственное
200 1# - ЗАГЛАВИЕ И СВЕДЕНИЯ ОБ ОТВЕТСТВЕННОСТИ
Основное заглавие Восточная этноботаника
Сведения, относящиеся к заглавию [в 4-х частях]
Первые сведения об ответственности Голосова Е. В., Котова А. В., Хомутовский М. И. [и др.]
Последующие сведения об ответственности под общей редакцией Голосовой Е. В.
-- Министерство науки и высшего образования Российской Федерации, Российская академия наук, ФГБУН "Никитский ботанический сад РАН"
203 ## - ВИД СОДЕРЖАНИЯ И ТИП СРЕДСТВА
Вид содержания Текст
Дополнительные сведения об издании визуальный
Тип средства непосредственный
210 ## - ПУБЛИКАЦИЯ, РАСПРОСТРАНЕНИЕ И ДР.
Место издания, распространения и т.д. Симферополь
Имя издателя, распространителя и т. д. АРИАЛ
Дата издания, распространения и т.д. 2022-
215 ## - ФИЗИЧЕСКАЯ ХАРАКТЕРИСТИКА
Размеры 25
300 ## - ОБЩИЕ ПРИМЕЧАНИЯ
Текст примечания На 4-й с. обл. авт.: Голосова Е. В., д-р с.-х. наук, Котова А. В., канд. с.-х. наук, Хомутовский М. И., канд. биол. наук [и др.]
606 1# - НАИМЕНОВАНИЕ ТЕМЫ КАК ПРЕДМЕТ
Наименование темы Этноботаника
Географический подзаголовок Страны Востока
Системный номер авторитетной/нормативной записи 2583435
Идентификатор авторитетной/нормативной записи RU\NLR\AUTH\6601737507
606 ## - НАИМЕНОВАНИЕ ТЕМЫ КАК ПРЕДМЕТ
Наименование темы Цветы
Тематический подзаголовок Культурологические исследования
Системный номер авторитетной/нормативной записи 2103677
Идентификатор авторитетной/нормативной записи RU\NLR\AUTH\661575652
686 1# - ИНДЕКСЫ ДРУГИХ КЛАССИФИКАЦИЙ
Индекс Е585.9(5)
686 1# - ИНДЕКСЫ ДРУГИХ КЛАССИФИКАЦИЙ
Индекс Т3(0)0-7
701 #1 - ИМЯ ЛИЦА - АЛЬТЕРНАТИВНАЯ ОТВЕТСТВЕННОСТЬ
Графика поля Кириллица
Материалы, к которым относится поле rus
Начальный элемент ввода Голосова
Часть имени, кроме начального элемента ввода Е. В.
Дополнения к именам, кроме дат д-р с.-х. наук
Расширение инициалов личного имени Елена Владимировна
Системный номер авторитетной/нормативной записи 181733
Идентификатор авторитетной/нормативной записи RU\NLR\AUTH\770181784
701 #1 - ИМЯ ЛИЦА - АЛЬТЕРНАТИВНАЯ ОТВЕТСТВЕННОСТЬ
Начальный элемент ввода Котова
Часть имени, кроме начального элемента ввода А. В.
Расширение инициалов личного имени Анна Владимировна
701 #1 - ИМЯ ЛИЦА - АЛЬТЕРНАТИВНАЯ ОТВЕТСТВЕННОСТЬ
Начальный элемент ввода Хомутовский
Часть имени, кроме начального элемента ввода М. И.
Расширение инициалов личного имени Максим Игоревич
852 ## - МЕСТОНАХОЖДЕНИЕ И ШИФР ХРАНЕНИЯ
Идентификатор организации NLR
Шифр хранения (Call Number) 2024-7/1328
942 ## - ДОПОЛНИТЕЛЬНЫЕ ЭЛЕМЕНТЫ ЗАПИСИ (АБИС)
Тип экземпляра АБИС Книга

Нет доступных экземпляров.